| 000 | 01264nam a2200253 i 4500 | ||
|---|---|---|---|
| 003 | EG-ScBUE | ||
| 005 | 20231106130446.0 | ||
| 008 | 110914s1993 ua af b 000 00bara d | ||
| 040 |
_aEG-ScBUE _bara _erda _cEG-ScBUE _dEG-ScBUE |
||
| 082 | 0 | 4 |
_222 _a181.07 _bف ي ل |
| 245 | 0 | 2 |
_aالفيلسوف ابن رشد : _bمفكرا عربيا ورائدا للاتجاه العقلي : بحوث ودراسات عن حياته وأفكاره ونظرياته الفلسفية / _cإشراف وتصدير د. عاطف العراقي، أستاذ الفلسفة العربية. |
| 264 | 1 |
_aالقاهرة : _bالهيئة العامة لشئون المطابع الأميرية، _c1993. |
|
| 300 |
_a466 صفحة ؛ _c24 سم |
||
| 336 |
_2rdacontent _aنص _btxt |
||
| 337 |
_aبدون وسيط _2rdamedia _bn |
||
| 338 |
_aمجلد _bnc _2rdacarrier |
||
| 500 | _aيشتمل على مقدمة باللغة الفرنسية. | ||
| 504 | _aيشتمل على إرجاعات ببليوجرافية. | ||
| 600 | 1 | 7 |
_2BUEsh _aابن رشد، محمد بن أحمد، _d520-595 هـ. |
| 650 | 7 |
_aالفلاسفة المسلمون _vتراجم. _2BUEsh |
|
| 655 | _vReading book | ||
| 700 | 1 |
_926322 _aالعراقي، محمد عاطف، _eمشرف. |
|
| 942 |
_2ddc _cBB |
||
| 999 |
_c16038 _d16038 |
||